MARC details
| 000 -CABECERA |
| campo de control de longitud fija |
01405nam a2200301 a 4500 |
| 001 - NÚMERO DE CONTROL |
| campo de control |
000017923 |
| 003 - IDENTIFICADOR DEL NÚMERO DE CONTROL |
| campo de control |
DO-SdBNP |
| 005 - FECHA Y HORA DE LA ÚLTIMA TRANSACCIÓN |
| campo de control |
20240307073947.0 |
| 007 - CAMPO FIJO DE DESCRIPCIÓN FÍSICA--INFORMACIÓN GENERAL |
| campo de control de longitud fija |
ta |
| 008 - DATOS DE LONGITUD FIJA--INFORMACIÓN GENERAL |
| campo de control de longitud fija |
100407e1987 dr er 001 e spa d |
| 040 ## - FUENTE DE LA CATALOGACIÓN |
| Centro catalogador/agencia de origen |
DO-SdBNP |
| Lengua de catalogación |
spa |
| Centro/agencia transcriptor |
BNPHU |
| 082 #4 - NÚMERO DE LA CLASIFICACIÓN DECIMAL DEWEY |
| Número de clasificación |
320.97285 |
| Número de documento/Ítem |
F676b |
| Número de edición |
22 |
| 100 1# - ENTRADA PRINCIPAL--NOMBRE DE PERSONA |
| Nombre de persona |
Fonseca, Carlos |
| 9 (RLIN) |
66491 |
| Fechas asociadas al nombre |
1936-1976 |
| 245 10 - MENCIÓN DE TÍTULO |
| Título |
Bajo la bandera del sandinismo / |
| Mención de responsabilidad, etc. |
Carlos Fonseca ; presentación, Fernando Sánchez Martínez. |
| 260 ## - PUBLICACIÓN, DISTRIBUCIÓN, ETC. |
| Lugar de publicación, distribución, etc. |
Santo Domingo : |
| Nombre del editor, distribuidor, etc. |
Universitaria - UASD, |
| Fecha de publicación, distribución, etc. |
1987 |
| 300 ## - DESCRIPCIÓN FÍSICA |
| Extensión |
423 P. ; |
| Dimensiones |
22 cm. |
| 490 ## - MENCIÓN DE SERIE |
| Mención de serie |
Historia y sociedad ; |
| Designación de volumen o secuencia |
74 |
| 500 ## - NOTA GENERAL |
| Nota general |
Incluye bibliografía y notas al pie de páginas |
| 500 ## - NOTA GENERAL |
| Nota general |
La biblioteca posee el v.1 (Obras). |
| 505 ## - NOTA DE CONTENIDO CON FORMATO |
| Nota de contenido con formato |
Nota a la presente edición. / |
| Mención de responsabilidad |
Humberto Ortega Saavedra: Carlos, el eslabón vital de nuestra historia, |
| Título |
1. Un nicaraguense en Moscú.-- |
| -- |
2. Análisis histórico-políticos.-- |
| -- |
3. Cartas.-- |
| -- |
4. Declaraciones y entrevistas.-- |
| -- |
5. Manifiestos y proclamas.-- |
| -- |
6. Estudios e investigaciones. |
| 590 ## - NOTA LOCAL (RLIN) |
| Nota local |
Inventariado, 2018/ YL |
| 651 #4 - PUNTO DE ACCESO ADICIONAL DE MATERIA--NOMBRE GEOGRÁFICO |
| Nombre geográfico |
Nicaragua |
| Subdivisión general |
Política y Gobierno |
| Subdivisión cronológica |
1937-1979 |
| 9 (RLIN) |
8782 |
| 700 #2 - PUNTO DE ACCESO ADICIONAL--NOMBRE DE PERSONA |
| Nombre de persona |
Sánchez Martínez, Fernando |
| Término indicativo de función/relación |
pres. |
| 9 (RLIN) |
7183 |
| 710 1# - PUNTO DE ACCESO ADICIONAL--NOMBRE DE ENTIDAD CORPORATIVA |
| Nombre de entidad corporativa o nombre de jurisdicción como elemento de entrada |
Universidad Autónoma de Santo Domingo |
| 9 (RLIN) |
72951 |
| 830 #0 - PUNTO DE ACCESO ADICIONAL DE SERIE-TÍTULO UNIFORME |
| Título uniforme |
Publicaciones de la Universidad Autónoma de Santo Domingo ; |
| Designación de volumen o secuencia |
566 |
| Nombre de parte o sección de la obra |
Historia y SSociedad ; |
| Número de parte o sección de la obra |
74 |
| 9 (RLIN) |
38890 |
| 910 ## - DATOS DE OPCIÓN DEL USUARIO (OCLC) |
| Datos de opción del usuario |
Validado. Control de calidad MFF |
| 942 ## - ELEMENTOS DE PUNTO DE ACCESO ADICIONAL (KOHA) |
| Fuente del sistema de clasificación o colocación |
Dewey Decimal Classification |
| Tipo de ítem Koha |
Libro |